[Event "HWT 2010"]
[Site "?"]
[Date "2010.01.10"]
[Round "4"]
[White "Böttcher, Winfried"]
[Black "Dombrowski, Jan"]
[Result "1-0"]
[WhiteElo "1298"]
[BlackElo "1055"]
[PlyCount "113"]
[EventDate "2010.??.??"]

1. d4 d5 2. c4 e6 3. cxd5 exd5 4. Nc3 Nf6 5. e3 Bf5 6. h3 Bd6 7. Nf3 Nbd7 8.
Bd2 a6 9. Qb3 Nb6 10. Nh4 Be6 11. Bd3 Rc8 12. Nf5 O-O 13. Nxd6 Qxd6 14. Ne2 c5
15. dxc5 Rxc5 16. Bb4 d4 17. Bxc5 Qxc5 18. exd4 Bxb3 19. dxc5 Bc4 20. Bxh7+
Kxh7 21. b3 Bxe2 22. Kxe2 Re8+ 23. Kf3 Nbd5 24. Rhe1 Rc8 25. Rec1 Nb4 26. a3
Nd3 27. Rc3 Ne5+ 28. Kg3 b6 29. Re3 Rxc5 30. b4 Rd5 31. Rae1 Nc4 32. Re7 Rd3+
33. Kh2 Kg6 34. Ra7 Rxa3 35. Ree7 Nd6 36. h4 a5 37. bxa5 b5 38. Ra6 Nc4 39. Rb7
Kh7 40. f3 Rxa5 41. Rxa5 Nxa5 42. Rxb5 Nc6 43. Rb7 Kg6 44. g4 Ne5 45. Kg3 Kh7
46. Rb5 Ned7 47. g5 Nh5+ 48. Kg4 g6 49. f4 Nf8 50. f5 Kg7 51. Rb7 Kg8 52. Rb8
Kg7 53. f6+ Kh7 54. Rxf8 Nf4 55. Rxf7+ Kh8 56. Kxf4 Kg8 57. Ra7 1-0

[Event "HWT 2010"]
[Site "?"]
[Date "2010.01.10"]
[Round "4"]
[White "Lischeid, Kilian"]
[Black "Glase, Johan"]
[Result "1/2-1/2"]
[WhiteElo "1168"]
[BlackElo "1003"]
[PlyCount "34"]
[EventDate "2010.??.??"]

1. e4 g6 2. d4 c5 3. Nf3 Bg7 4. Nc3 d6 5. Bb5+ Bd7 6. Bxd7+ Nxd7 7. O-O Ngf6 8.
Re1 O-O 9. Bg5 Ng4 10. h3 Ngf6 11. Qe2 h6 12. Bxf6 Bxf6 13. Qe3 Bg7 14. Rad1
Re8 15. g4 Qb6 16. Nd5 Qc6 17. c3 g5 1/2-1/2

[Event "HWT 2010"]
[Site "?"]
[Date "2010.01.10"]
[Round "4"]
[White "Bischoff, Dietmar"]
[Black "Fege, Julian"]
[Result "1/2-1/2"]
[WhiteElo "1116"]
[BlackElo "1103"]
[PlyCount "58"]
[EventDate "2010.??.??"]

1. d4 d5 2. c4 Nf6 3. Nc3 Bf5 4. Bf4 e6 5. e3 Nc6 6. Nf3 Bd6 7. Bxd6 cxd6 8. b3
O-O 9. Be2 Re8 10. O-O Qd7 11. h3 Rad8 12. a3 e5 13. dxe5 dxe5 14. cxd5 Nxd5
15. Qd2 e4 16. Nd4 Nxc3 17. Qxc3 Nxd4 18. exd4 Qxd4 19. Rac1 Qxc3 20. Rxc3 Rd2
21. Bc4 Red8 22. Re3 h6 23. f3 exf3 24. Rfxf3 Bg6 25. Re7 R8d7 26. Re8+ Kh7 27.
Rf8 Be4 28. Rg3 Bg6 29. Rf3 Be4 1/2-1/2